000 00322nam a22001337a 4500
020 _a0-88038-022-5
082 _a823
_bEST/H
100 _aESTES, ROSE
245 _aHERO OF WASHINGTON SQAURE
260 _aUNITED KINGDOM
_bTSR HOBBIES
_c1983
300 _a157
650 _aCHILDRENS STORY BOOK
_zUNITED KINGDOM
942 _cBK
999 _c8029
_d8029